effect if urea fertilizer rates on growth of rice straew mushroom ឥទ្ធិពលកម្រិតជីអ៊ុយរេទៅការលូតលាស់របស់ផ្សិតចបើង (Record no. 17956)
[ view plain ]
| 000 -LEADER | |
|---|---|
| fixed length control field | 00599nam a22001577a 4500 |
| 003 - CONTROL NUMBER IDENTIFIER | |
| control field | OSt |
| 005 - DATE AND TIME OF LATEST TRANSACTION | |
| control field | 20190712141733.0 |
| 008 - FIXED-LENGTH DATA ELEMENTS--GENERAL INFORMATION | |
| fixed length control field | 190712b xxu||||| |||| 00| 0 eng d |
| 040 ## - CATALOGING SOURCE | |
| Transcribing agency | RUA |
| 082 ## - DEWEY DECIMAL CLASSIFICATION NUMBER | |
| Classification number | AGR PEN 2017 B633 or,1 |
| 100 ## - MAIN ENTRY--PERSONAL NAME | |
| 9 (RLIN) | 13622 |
| Personal name | PEN CHANTHA ប៉ែន ចាន់ថា |
| 245 ## - TITLE STATEMENT | |
| Title | effect if urea fertilizer rates on growth of rice straew mushroom ឥទ្ធិពលកម្រិតជីអ៊ុយរេទៅការលូតលាស់របស់ផ្សិតចបើង |
| 260 ## - PUBLICATION, DISTRIBUTION, ETC. (IMPRINT) | |
| Place of publication, distribution, etc. | RUA |
| Name of publisher, distributor, etc. | phnom penh |
| Date of publication, distribution, etc. | 2017 |
| 300 ## - PHYSICAL DESCRIPTION | |
| Extent | xii;28p |
| Other physical details | ill; |
| Dimensions | 29cm |
| 942 ## - ADDED ENTRY ELEMENTS (KOHA) | |
| Source of classification or shelving scheme | |
| Koha item type | AGR |
| Price effective from | Date last seen | Permanent Location | Not for loan | Date acquired | Source of classification or shelving scheme | Koha item type | Lost status | Withdrawn status | Date last checked out | Total Checkouts | Shelving location | Damaged status | Barcode | Current Location | Full call number |
|---|---|---|---|---|---|---|---|---|---|---|---|---|---|---|---|
| 2019-07-12 | 2019-07-12 | Library Block B | 2019-07-12 | AGR | B633 | A42084 | Library Block B | AGR PEN 2017 B633 or,1 | |||||||
| 2019-07-12 | 2019-07-12 | Library Block B | 2019-07-12 | AGR | B633 | A42159 | Library Block B | AGR PEN 2017 B633 or,2 | |||||||
| 2019-07-12 | 2019-07-12 | Library Block B | 2019-07-12 | AGR | B633 | A42234 | Library Block B | AGR PEN 2017 B633 or,3 | |||||||
| 2019-07-12 | 2019-07-12 | Library Block B | 2019-07-12 | AGR | B633 | A42309 | Library Block B | AGR PEN 2017 B633 or,4 | |||||||
| 2019-07-12 | 2020-05-27 | Library Block B | 2019-07-12 | AGR | 2020-03-04 | 1 | B633 | A42384 | Library Block B | AGR PEN 2017 B633 or,5 | |||||
| 2019-07-12 | 2019-07-12 | Library Block B | 2019-07-12 | AGR | B633 | A42534 | Library Block B | AGR PEN 2017 B633 or,6 |